| 000 | 00642cam a2200193 i 4500 | ||
|---|---|---|---|
| 005 | 20251111104904.0 | ||
| 008 | 250721s2011 xx gr 000 0 ara d | ||
| 082 | 1 | 4 |
_a158.3 _bك ا ن |
| 100 | 1 |
_aكانفيلد، بيتر _eمؤلف. |
|
| 245 | 1 | 0 |
_aفن المقابلات الناجحة / _cبيتر كانفيلد. |
| 250 | _aالطبعة الاولى. | ||
| 264 | 3 | 1 |
_bدار الخلود للتراث، _c2011. _a(غير معرف). |
| 300 | _a400 صفحة. | ||
| 650 | 1 | 7 | _aعلم النفس التطبيقي. |
| 650 | 1 | 7 | _aالنجاح. |
| 650 | 1 | 7 | _aالمقابلات. |
| 942 |
_2ddc _cBK |
||
| 999 |
_c125837 _d125837 |
||